Pokémon to their Paradox form - Click Quiz - Statistics

General Stats
  • This quiz has been taken 23 times
  • The average score is 17 of 19
Answer Stats
Hint Answer % Correct
Sandy Shocks Magneton
100%
Iron Crown Cobalion
94%
Koraidon / Miraidon Cyclizar
94%
Iron Bundle Delibird
94%
Great Tusk / Iron Treads Donphan
94%
Roaring Moon Mega-Salamence
94%
Slither Wing / Iron Moth Volcarona
94%
Brute Bonnet Amoonguss
88%
Gouging Fire Entei
88%
Iron Valiant Gardevoir / Gallade
88%
Iron Hands Hariyama
88%
Iron Jugulis Hydreigon
88%
Scream Tail Jigglypuff
88%
Flutter Mane Misdreavus
88%
Raging Bolt Raikou
88%
Walking Wake Suicune
88%
Iron Boulder Terrakion
88%
Iron Leaves Virizion
88%
Iron Thorns Tyranitar
69%
No matching quizzes found
Score Distribution
Percent of People with Each Score
Percentile by Number Answered
Your Score History
You have not taken this quiz